The tale of Benjamin Bunny / (Record no. 7620)

MARC details
000 -LEADER
fixed length control field 00873nam a22002657a 4500
001 - CONTROL NUMBER
control field 7620
003 - CONTROL NUMBER IDENTIFIER
control field FISKH
005 - DATE AND TIME OF LATEST TRANSACTION
control field 20250728104653.0
008 - FIXED-LENGTH DATA ELEMENTS--GENERAL INFORMATION
fixed length control field 250728b cb ||||| |||| 00| 0 eng d
040 ## - CATALOGING SOURCE
Original cataloging agency FISKH
Language of cataloging eng
Transcribing agency FISKH
Modifying agency FISKH
050 ## - LIBRARY OF CONGRESS CALL NUMBER
Classification number PZ7.P85 T
082 ## - DEWEY DECIMAL CLASSIFICATION NUMBER
Classification number 823.912
100 ## - MAIN ENTRY--PERSONAL NAME
Personal name Potter, Beatrix
245 ## - TITLE STATEMENT
Title The tale of Benjamin Bunny /
Statement of responsibility, etc. by Beatrix Potter
250 ## - EDITION STATEMENT
Edition statement This edition published in 1989
260 ## - PUBLICATION, DISTRIBUTION, ETC.
Place of publication, distribution, etc. London :
Name of publisher, distributor, etc. Frederick Warne,
Date of publication, distribution, etc. 1904
300 ## - PHYSICAL DESCRIPTION
Extent 49 pages :
Other physical details color illustrations ;
Dimensions 15 cm
505 ## - FORMATTED CONTENTS NOTE
Formatted contents note J<br/>
520 ## - SUMMARY, ETC.
Summary, etc. Peter's mischievous cousin, Benjamin Bunny, persuades him to go back to Mr. McGregor's garden to retrieve the clothes he lost there.
521 8# - TARGET AUDIENCE NOTE
Target audience note 430<br/>
Source Lexile Adjusted<br/>
521 8# - TARGET AUDIENCE NOTE
Target audience note J
Source Raz-Plus<br/>
650 ## - SUBJECT ADDED ENTRY--TOPICAL TERM
Topical term or geographic name entry element Animals
Form subdivision Children's Book
General subdivision Children's Fiction
Chronological subdivision Bunny
942 ## - ADDED ENTRY ELEMENTS (KOHA)
Source of classification or shelving scheme Dewey Decimal Classification
Koha item type Books
Suppress in OPAC No
Holdings
Withdrawn status Lost status Source of classification or shelving scheme Damaged status Not for loan Collection Home library Current library Shelving location Date acquired Total Checkouts Full call number Barcode Date last seen Copy number Price effective from Koha item type
    Dewey Decimal Classification     Juvenile Fiction Footprints International School Library Network Toul Kork Campus Footprints International School Library Network Toul Kork Campus TK Primary Library Room(4th Floor), Bookcase 1&2, Shelves 1-16, Dark Blue Books 07/28/2025   POT 823.912 PZ7.P85 T FISBK07034 07/28/2025 1 07/28/2025 Books
    Dewey Decimal Classification     Juvenile Fiction Footprints International School Library Network Toul Tom Poung Campus Footprints International School Library Network Toul Tom Poung Campus TTP Primary Dark Blue Bookshelves 08/18/2025   POT 823.912 PZ7.P85 T 2025-4127 08/18/2025 2 08/18/2025 Books